00813nam a22002177a 450000500170000000800410001702000180005804000090007604100120008508200190009710000330011624501030014926000340025230000080028665000710029470000390036570000380040494200070044299900170044995201290046620260518120357.0260518b |||||||| |||| 00| 0 eng d a9783031784194 aMAIN aEnglish a363.7285 bSOL aPandey, Ashutosh (ed)926845 aSolid Waste Management b: A Roadmap for Sustainable Environmental Practices and Circular Economy  aSwitzerland bSpringer c2025 a452 aManagement ( Donated By Professor Suthar, Surendra Singh )926842 aSuthar, Surendra Singh (ed)926843 aAmesho, Kassain T.T. (ed)926844 cBK c60825d60825 00102ddc406363_728500000000000_SOL70994016aMAINbMAINd2026-05-18l0o363.7285 SOLpG3522r2026-05-18w2026-05-18yBK